Approaching the millennium annual report 1996-97. Center for the study of the presidency

Guardado en:
Detalles Bibliográficos
Formato: Libro
Lenguaje:inglés
Publicado: New York Center Study Presidency [1997]
Etiquetas: Agregar Etiqueta
Sin Etiquetas, Sea el primero en etiquetar este registro!

MARC

LEADER 00000nam a2200000 4500
001 c108913
005 20221123122722.2
041 0 |a eng 
044 |a US 
245 1 0 |a Approaching the millennium  |b annual report 1996-97. Center for the study of the presidency 
264 1 |a New York  |b Center Study Presidency  |c [1997] 
300 |a 31 s.